00855nam a2200277 i 4500003000900000005001700009007000300026008004100029020001800070040003000088041000800118082002100126100003100147245006300178250002200241264004900263300002700312336002700339337003300366338002800399500007000427650002900497650001600526650001200542650002300554DO-SdBNP20260116073831.0ta240618b2024 dr ||||| |||| 00| 0 spa d a9789945648676 aDO-SdBNPbspacBNPHUerda aspa 4a158.1bN714g2221 aNin, Darío,eautor4aut.10aGradúate de persona :ba vivir a plenitud !cDarío Nin aPrimera edición 1aSanto Domingo :bEditorial Santuario,c2024. a98 páginas ;c23 cm. 2rdacontentatextobtxt 2rdamediaasin mediaciónbn 2rdacarrieravolumenbnc aIncluye datos biográficos del autor en la solapa de la cubierta 4aTécnicas de autoayuda  0aAutoestima  4aÉxito 4aConducta (Ética)